Nueva filosofía de la interpretación del derecho.
Guardat en:
| Autor principal: | |
|---|---|
| Format: | Llibre |
| Publicat: |
México D.F., México:
Fondo de Cultura Económica,
1956.
|
| Col·lecció: | Diánoia
|
| Matèries: | |
| Etiquetes: |
Afegir etiqueta
Sense etiquetes, Sigues el primer a etiquetar aquest registre!
|
MARC
| LEADER | 00000nam a2200000 a 4500 | ||
|---|---|---|---|
| 001 | UCV0174 | ||
| 003 | CL-VaPUC | ||
| 005 | 20220822114835.0 | ||
| 008 | 220808t1956 ||||| |||| 00| 0 eng d | ||
| 999 | |c 438109 |d 438107 | ||
| 040 | |c Pontificia Universidad Católica de Valparaíso | ||
| 082 | 0 | 4 | |a 340.109 REC 1956 |2 21 |
| 100 | 0 | |a Recasens Siches, Luis |e autor |9 294881 | |
| 245 | 1 | 0 | |a Nueva filosofía de la interpretación del derecho. |
| 260 | |a México D.F., México: |b Fondo de Cultura Económica, |c 1956. | ||
| 300 | |a 304 páginas. | ||
| 490 | |a Diánoia | ||
| 500 | |a c.1 Donación Familia Prof. Alejandro Guzmán Brito. | ||
| 583 | |a last modification |c 19880601 00:00:00 |k Catalogador Asistente | ||
| 650 | 0 | |a Filosofía del derecho |9 255050 | |
| 852 | |a BIBDER | ||
| 942 | |c BK |2 ddc |n 0 | ||
| 952 | |0 0 |1 0 |2 ddc |4 0 |6 340_109000000000000_REC_1956 |7 1 |8 C_AGB |9 585990 |a BIBDER |b BIBDER |d 2022-08-08 |e Donación |i 5653979 |o 340.109 REC 1956 |p 5653979 |r 2023-01-25 |t 1 |w 2022-08-08 |y BK_US |k AGB | ||